|
|
|
|
| LEADER |
00000nam a22000007i 4500 |
| 001 |
IT\ICCU\USS\0008460 |
| 003 |
ItRI |
| 005 |
20240410190717.0 |
| 008 |
160215s2015 it |||||| ||||| |||||c |
| 020 |
|
|
|a 9788899344238
|
| 040 |
|
|
|b ita
|c GP
|
| 041 |
|
7 |
|a ita
|2 ISO-639-2
|
| 100 |
1 |
|
|a Mastinu, Francesco
|0 IT\ICCU\CAGV\726920
|4 aut
|
| 245 |
1 |
0 |
|a Falene /
|c Francesco Mastinu.
|
| 260 |
|
|
|a Rieti :
|b Amarganta,
|c 2015
|
| 300 |
|
|
|a 296 p. ;
|c 21 cm
|
| 942 |
|
|
|2 ddc
|c BK
|
| 952 |
|
|
|0 0
|1 0
|2 ddc
|4 0
|7 1
|9 54
|a RI
|b RI
|d 2023-11-02
|l 0
|p 1158
|r 2023-11-02 21:32:52
|w 2023-11-02
|y BK
|
| 952 |
|
|
|0 0
|1 0
|2 ddc
|4 0
|7 1
|9 55
|a RI
|b RI
|d 2023-11-02
|l 0
|p 1159
|r 2023-11-02 21:36:52
|w 2023-11-02
|y BK
|
| 952 |
|
|
|0 0
|1 0
|2 ddc
|4 0
|6 853_920000000000000_MAS
|7 1
|9 1226
|a RM
|b RM
|d 2024-04-10
|l 0
|o 853 92 MAS
|p 793
|r 2024-04-10 19:07:45
|w 2024-04-10
|y BK
|
| 981 |
|
1 |
|6 z01
|a i
|b xxxe
|
| 982 |
|
1 |
|6 z01
|a n
|
| 999 |
|
|
|c 56
|d 56
|